Представление документа в формате MARC21

Поле Инд. ПП Название Значение
Тип записи a
Библиографический уровень m
001 Контрольный номер RU/IS/BASE/369838127
005 Дата корректировки 20221125151049.2
040 b Код языка каталог. rus
041 0_ a Код языка текста rus
080 a Индекс УДК 821.161.1
084 a Индекс другой классификации/Индекс ББК 84(2Рос=Рус)6
090 a Полочн. индекс 84(2Рос=Рус)6
c Каталожный индекс Р2
x Авторский знак З-88
097 b Оператор 12
100 1_ a Автор Зощенко М. М.
245 10 a Заглавие Рассказы, фельетоны, повести
260 a Место издания Мн.
b Издательство Высшая школа
c Дата издания 1979
300 a Объем 448 с.
510 a Примечание о ссылках Книги и методические пособия
650 14 a Основная рубрика 17.82 Произведения художественной литературы
x Основная подрубрика 17.82.82 Сборники различных произведений
901 t Тип документа m